| 000 | 00353 a2200157 4500 | ||
|---|---|---|---|
| 001 | 56823 | ||
| 020 | _a8530501144 | ||
| 040 | _cAnchieta - Pituba | ||
| 100 | _aGomes, Álvaro Cardoso | ||
| 240 | 1 | 0 |
_aPerigos na noite escura _lpor |
| 245 | 1 | 0 | _aPerigos na noite escura |
| 300 | _a126 | ||
| 362 | 0 | _a1997 | |
| 650 | 4 | _aLiteratura juvenil | |
| 942 | _cBK | ||
| 999 |
_c56823 _d56823 |
||